00389cam a22001217a 4500008004000000020001500040082001800055245008200073260002800155300001000183650005600193700001800249180718b2002 xxu||||| |||| 00| 0 eng d a8122006345 aA99/N164 P886 aJayaprakash Narayan: essential writings (1929 - 1979)cedited by Bimal Prasad aNew DelhibKonarkc2002 a471p. aNarayan, Jayaprakash - Criticism and interpretation aPrasad, Bimal